000 00733nam a2200241Ib 4500
003 3228
005 20260421150333.0
008 210817s9999 xx j 000 1 eng d
020 _a9780060737108 (paperback)
040 _aMPL
_beng
_c3228
_erda
041 _aEnglish
082 _aETF ABRA
100 _aAbrahams, Peter
_953771
_d1947-
_eauthor
245 0 _aInto the dark :
_ban Echo Falls mystery /
_cPeter Abrahams
260 _aNew York :
_b Harper Trophy ,
_c©2008,
_c2009.
300 _a328, 17 pages ;
_c18 cm
490 _aEcho Falls Mysteries
655 0 _9188476
_aYouth Fiction
655 0 _9131476
_aMystery fiction
655 0 _9189716
_aMurder Fiction
655 0 _9188653
_a Suspence Fiction
942 _cBK
_2ddc
_y296
_zPhillipina Naude
999 _c218057
_d218055